TOP 100 des Films et Séries "Ados" - Statistiques

Statistiques générales
  • Ce quiz a été pris 424 fois
  • Le résultat moyen est 7 sur 100
Statistiques - réponses
Type de quiz Nombre d'épisodes/films Année (France) Chaine (France) /Studio Réponse % Correct
Série 34 (4 saisons + 1 à venir) 2016-en cours Netflix Stranger Things
51%
Série 121 (6 saisons) 2007-2012 TF1 puis NT1 et HD1 Gossip Girl
43%
Film 8 2001 Warner Bros Harry Potter
38%
Série 137 (7 saisons) 2017-2023 TFX et Netflix Riverdale
30%
Série 64 (8 saisons) 2018-2024 Netflix Elite
29%
Série 171 (8 saisons) 2009-2017 TF1 puis NT1 et NRJ12 Vampire Diaries
29%
Série 10 (1 saison) 2022-en cours Netflix Mercredi
23%
Série 160 (7 saisons) 2010-2017 OCS Pretty Little Liars
23%
Série 240 (3 saisons) 2012-2015 Disney Channel Violetta
23%
Film 4 2006 Disney High School Musical
21%
Série 100 (6 saisons) 2011-2017 MTV puis France 4 Teen Wolf
18%
Film 4 + 1 spin off 2012 Lionsgate Hunger Games
17%
Série 240 (3 saisons) 2016-2018 Disney Channel Soy Luna
17%
Film 5 2008 Summit Entertainment Twilight
17%
Série 120 (1 saison) 2013-2013 Gulli Chica Vampiro
16%
Série 100 (7 saisons) 2014-2020 Syfy et Netflix Les 100
15%
Film 4 2015 Disney Channel Descendants
14%
Série 180 (8 saisons) 2004-2012 M6 puis W6, 6ter et Téva Desperate Housewives
14%
Série 187 (9 saisons) 2003-2012 TF1 puis NT1 Les Frères Scott
14%
Film 3 2014 Red Wagon Entertainement Divergente
13%
Série 98 (4 saisons) 2006-2011 Disney Channel Hannah Montana
13%
Série 151 (7 saisons) 2000-2006 M6 puis W9, 6ter et Gulli Malcolm
13%
Film 8 2002 Columbia Pictures Spider Man
13%
Série 178 (8 saisons) 1998-2006 M6 puis W6, 6ter et Téva Charmed
12%
Film 3 2014 Gotham Group Le Labyrinthe
12%
Film 1 + 1 à venir 2023 Amazon Studios A contre-sens
11%
Film 2 2008 Disney Channel Camp Rock
11%
Série 121 (6 saisons) 2009-2015 OCS puis M6 et W9 Glee
8%
Série 123 (5 saisons) 2001-2005 M6 puis W9, 6ter et Gulli Ma famille d'abord
8%
Film 3 2018 Komixx Entertainment The Kissing Booth
8%
Film 5 2003 Disney Pirates des Caraibes
7%
Série 716 (3 saisons) 2011-2015 M6 et W9 Soda
7%
Série 71 (13 saisons) 2010-2023 Tf1 puis Gulli Clem
6%
Film 3 2005 Disney Le Monde de Narnia
6%
Série 36 (2 saisons) 2018-2020 Netflix Les Nouvelles Aventures de Sabrina
6%
Film 2 2004 Paramount Pictures Lolita malgré moi
6%
Film 2 2013 Disney Channel Teen Beach
6%
Série 16 (3 saisons) 2022-en cours Netflix Heartstopper
5%
Film 6 1990 20th Century Fox Maman, j'ai raté l'avion
5%
Série 55 (3 saisons) 2016-2019 Netflix Shadowhunters
5%
Série 120 (2 saisons) 2017-2019 Gulli Kally's Mashup
4%
Film 2 2010 Fox 2000 Pictures Percy Jackson
4%
Film 7 2007 Dreamworkd SKG Transformers
4%
Film 3 2018 Overbrook Entertainment A tous les garçons que j'ai aimés
3%
Série 156 (7 saisons) 2011-2018 M6 puis 6ter Once Upon a Time
3%
Film 3 1985 Universal Pictures Retour vers le futur
3%
Film 1 1999 Mad Chance 10 bonnes raisons de te larguer
2%
Film 3 2000 20th Century Fox Big Mamma
2%
Film 1 2005 Warner Bros Charlie et la Chocolaterie
2%
Film 2 1987 Vestron Pictures Dirty Dancing
2%
Série 150 (6 saisons) 1993-1998 (+rediffusion) M6 puis Gulli et 6ter Docteur Quinn
2%
Film 3 1995 Interscope Communications Jumanji
2%
Film 6 1984 Columbia Pictures Karate Kid
2%
Film 1 2014 Temple Hill Entertainment Nos Etoiles Contraires
2%
Série 973 (30 saisons) 1993-en cours Disney et Saban Entertainment Power Rangers
2%
Film 1 2009 Disney Channel Princess Protection Program
2%
Film 5 2002 Warner Bros (2 premiers) Scooby Doo
2%
Film 5 2006 Summit Entertainment Sexy Dance
2%
Série 85 (4 saisons) 2006-2010 Tf1 puis Gulli et NRJ12 Ugly Betty
2%
Film 2 2005 Alcon Entertainment 4 filles et 1 jean
1%
Film 1 1998 Disney A nous quatre
1%
Film 2 2012 Universal Pictures Blanche Neige et le Chasseur
1%
Film 2 2015 Sony Pictures Chair de poule
1%
Film 5 + 1 en production 2004 Warner Bros Comme Cendrillon
1%
Série 78 (6 saisons) 2009-2014 M6 puis TMC et Téva Drop Dead Diva
1%
Film 1 2011 Lionsgate Identité Secrète
1%
Film 2 2007 Disney Il était une fois
1%
Série 43 (3 saisons) 2006-2009 W9 puis M6 et Syfy, 6ter Kyle XY
1%
Série 20 (2 saisons) 2016-2017 France 4 Les Chroniques de Shannara
1%
Série 25 (3 saisons) 2017-2019 Netflix Les Désastreuses Aventures des orphelins Baudelaire
1%
Film 1 2006 Viacom L'homme, c'est elle
1%
Film 1 1996 TriStar Matilda
1%
Série 177 (7 saisons) 2008-2011 NRJ12 Physique ou Chimie
1%
Film 3 2012 Brownstone Productions Pitch Perfect
1%
Film 1 2011 CBS Films Sortilège
1%
Film 5 2001 Troublemaker Studios Spy Kids
1%
Film 1 2013 Alcon Entertainment Sublimes Créatures
1%
Film 1 2014 IM Global Vampire Academy
1%
Film 1 2013 Mandeville Films Warm Bodies
1%
Série 30 (3 saisons) 2017-2019 Netflix Zoe et Raven
1%
Film 2 (remake) 2010 - 3 mètres au dessus du ciel
0%
Film 1 2019 20th Century Fox Alita
0%
Série 48 (3 saisons) 2009-2012 Gulli Championnes à tout prix
0%
Film 1 2017 Metro-Goldwyn-Mayer Everything, Everything
0%
Film 1 2015 Carmel Creek Productions Full Out
0%
Film 1 2016 Columbia Pictures La Cinquième Vague
0%
Film 1 2010 Touchstone Pictures La Dernière Chanson
0%
Série 121 (5 saisons) 2008-2013 Brendavision La vie secrète d'une ado ordinaire
0%
Film 1 2011 Warner Bros Le Chaperon rouge
0%
Film 1 2022 Feigco Entertainment L'Ecole du Bien et du Mal
0%
Série 265 2007-2008 Gulli puis Boing et IDF1 Le Monde de Patricia
0%
Film 1 (remake) 2012 - Les naufragés du lagon bleu
0%
Film 1 (remake) 2012 Double Feature Films LOL USA
0%
Film 1 2011 Scarlet Fire Entertainment Mademoiselle Détective
0%
Film 3 2013 Lieblingsfilm Rouge Rubis
0%
Film 1 2014 Metro-Goldwyn-Mayer Si je reste
0%
Série 10 (1 saison) 2020-2020 Netflix Spinning Out
0%
Série 13 (1 saison) 2014-2014 M6 et 6ter Star Crossed
0%
Série 30 (2 saisons) 2011-2013 ABC The Lying Game
0%
Film 1 2005 Alcon Entertainment Zig Zag
0%
Aucun quiz correspondant
Distribution des résultats
% des personnes avec chaque résultat
Percentile par nombre de réponses
Votre historique - résultats
Vous n’avez pas pris ce quiz